Rebellions In The USA - Statistics

General Stats
  • This quiz has been taken 2 times
  • The average score is 12 of 41
Answer Stats
Hint Answer % Correct
Occured 1861-1865 Civil war
100%
Occured 1786-1787 Shays rebellion
100%
Occured 1791-1794 Whiskey rebellion
100%
Occured 2021 2021 United States Capitol attack
50%
Occured 1775-1783 American Revolution
50%
Occured 1842 Anti-Rent war
50%
Occured 1971 Attica prison riot
50%
Occured 1676 Bacons rebellion
50%
Occured 1689 Boston revolt
50%
Occured 2020 Capitol Hill Occupied Protest
50%
Occured 1841-1842 Dorr rebellion
50%
Occured 1799-1800 Fries Rebellion
50%
Occured 1917 Green corn rebellion
50%
Occured 1889-1893 Johnson county war
50%
Occured 1689-1691 Leislers rebellion
50%
Occured 1875 Mason county war
50%
Occured 1831 Nat Turners slave rebellion
50%
Occured 1960s-1970s Red power movement
50%
Occured 1950 San Juan nationalist revolt
50%
Occured 1847 Taos revolt
50%
Occured 1811 1811 German coast uprising
0%
Occured 2014 2014 bundy standoff
0%
Occured 1946 Battle of athens
0%
Occured 1874 Battle of liberty place
0%
Occured 1960s-1980s Black power movemnt
0%
Occured 1917 Camp logan mutiny
0%
Occured 1890-1930 Coal Wars
0%
Occured 1859-1861 Cortina troubles
0%
Occured 1874 Election Riot of 1874
0%
Occured 1877 Great railroad strike of 1877
0%
Occured 1882 Greenwood, New York insurrectian of 1882
0%
Occured 1859 John Browns raid on harpers ferry
0%
Occured 1910-1919 Mexican border war
0%
Occured 1863 New York city draft riots
0%
Occured 1969-1971 Occupation of alcatraz
0%
Occured 1972 Occupation of catalina island
0%
Occured 2016 Occupation of the Malheur National Wildlife Refuge
0%
Occured 1799-1803 State of Muskogee
0%
Occured 1765-1771 War of the regulation
0%
Occured 1898 Wilmington insurrection of 1898
0%
Occured 1896 Yaqui uprising
0%
No matching quizzes found
Score Distribution
Percent of People with Each Score
Percentile by Number Answered
Your Score History
You have not taken this quiz